000 00217nam a22000857a 4500
008 170619b xxu||||| |||| 00| 0 eng d
100 _93522
_aDixit.J.B
245 _aMathematis Class X CCE
260 _aNew Delhi
_bAmanda
_c2012
999 _c6906
_d6906